| 000 | 00817nam a22002417a 4500 | ||
|---|---|---|---|
| 005 | 20170124110205.0 | ||
| 010 | _aA-817288 | ||
| 020 |
_c75.00 _a8120310616 |
||
| 035 | _aA-817288 | ||
| 037 | _bCen Lib/Ret | ||
| 040 |
_aDPL _bEN |
||
| 082 |
_a001.64 _bGRI |
||
| 100 |
_aGrimes, Galen A. _974148 |
||
| 245 |
_a10 minute guide to the internet with windows 95 / _cby Galen A. Grimes |
||
| 246 |
_aTen minute guide to the internet with windows 95 _bby Galen A. Grimes |
||
| 260 |
_aNew Delhi _bPrintice-Hall of India _c1996 |
||
| 270 |
_bNew Delhi _e110001 _aM-97, Cannaught Circus |
||
| 300 |
_axi,188p. : _c20cm(Hb) _bill. |
||
| 500 | _aIncludes index | ||
| 650 |
_aOperating systems (Computers) _914601 |
||
| 650 |
_aMicrosoft Windows (Computer file) _974149 |
||
| 942 |
_2ddc _cEN _h001.64 _mGRI |
||
| 999 |
_c133195 _d133195 |
||